Welcome to WEB OPAC of MRSPTU Central Library

Metrology for engineers (Record no. 1139)

MARC details
000 -LEADER
fixed length control field 00342nam a2200145Ia 4500
008 - FIXED-LENGTH DATA ELEMENTS--GENERAL INFORMATION
fixed length control field 230711s9999||||xx |||||||||||||| ||und||
041 ## - LANGUAGE CODE
Language code of text/sound track or separate title ENG
082 ## - DEWEY DECIMAL CLASSIFICATION NUMBER
Classification number 621
Item number GA-M
100 ## - MAIN ENTRY--PERSONAL NAME
Personal name Galyer,J.F.W
245 #0 - TITLE STATEMENT
Title Metrology for engineers
250 ## - EDITION STATEMENT
Edition statement 1st
260 ## - PUBLICATION, DISTRIBUTION, ETC.
Date of publication, distribution, etc. 1990
Place of publication, distribution, etc. London
Name of publisher, distributor, etc. Elbs Britain
650 ## - SUBJECT ADDED ENTRY--TOPICAL TERM
Topical term or geographic name entry element Mechanical Engineering
942 ## - ADDED ENTRY ELEMENTS (KOHA)
Koha item type Book
Holdings
Withdrawn status Lost status Damaged status Not for loan Collection Home library Current library Date acquired Total checkouts Full call number Barcode Date last seen Price effective from Koha item type
          MRSPTU Central Library MRSPTU Central Library     621 GA-M 5574 08/17/2023 08/17/2023 Book
          MRSPTU Central Library MRSPTU Central Library     621 GA-M 5575 08/17/2023 08/17/2023 Book
          MRSPTU Central Library MRSPTU Central Library     621 GA-M 5576 08/17/2023 08/17/2023 Book
          MRSPTU Central Library MRSPTU Central Library     621 GA-M 5577 08/17/2023 08/17/2023 Book
          MRSPTU Central Library MRSPTU Central Library     621 GA-M 5578 08/17/2023 08/17/2023 Book
          MRSPTU Central Library MRSPTU Central Library     621 GA-M 5579 08/17/2023 08/17/2023 Book
          MRSPTU Central Library MRSPTU Central Library     621 GA-M 5580 08/17/2023 08/17/2023 Book
          MRSPTU Central Library MRSPTU Central Library     621 GA-M 5581 08/17/2023 08/17/2023 Book
          MRSPTU Central Library MRSPTU Central Library     621 GA-M 5582 08/17/2023 08/17/2023 Book

Website Designed and Developed by MRSPTU Central Library Team

E-mail Id: librarian@mrsptu.ac.in